|
|
|
|
| LEADER |
00000nam0a2200000 4500 |
| 001 |
219281 |
| 005 |
20231101230241.0 |
| 010 |
|
|
|a 9785824316322
|
| 035 |
|
|
|a (RuTPU)RU\TPU\book\239324
|
| 090 |
|
|
|a 219281
|
| 100 |
|
|
|a 20120704d2012 k y0rusy50 ca
|
| 101 |
0 |
|
|a rus
|
| 102 |
|
|
|a RU
|
| 105 |
|
|
|a a z 001zy
|
| 200 |
1 |
|
|a Безмолвная капитуляция. Внешняя политика Эстонии, Латвии и Литвы между двумя войнами и утрата независимости (с середины 1920-х годов до аннексии в 1940)
|f М. Ильмярв
|g Российская Федерация, Уполномоченный по правам человека ; Российская Федерация, Государственный архив (ГАРФ) ; Российский государственный архив социально-политической истории (РГАСПИ) ; Президентский центр Б. Н. Ельцина ; Российская политическая энциклопедия (Росспэн) ; Российская академия наук (РАН), Институт научной информации по общественным наукам (ИНИОН)
|
| 210 |
|
|
|a Москва
|c Росспэн
|d 2012
|
| 215 |
|
|
|a 807 с.
|c ил.
|
| 225 |
1 |
|
|a История сталинизма
|
| 320 |
|
|
|a Библиогр.: с. 761-784.
|
| 320 |
|
|
|a Указатель имен: с. 787-802.
|
| 330 |
|
|
|a В своей книге эстонский историк М. Ильмярв обращается к истории балтийских государств в период между двумя мировыми войнами, в частности к таким проблемам, как влияние экономической политики крупных держав на внешнюю политику государств Балтии; отношения этих стран с Великобританией, Германией, Польшей и СССР; декларированная во второй половине 1930-х годов политика нейтралитета.В своем исследовании автор дает ответ на трудный вопрос: почему осенью 1939 года между странами Балтии не сложилось военно-политического сотрудничества, почему Эстония, Латвия и Литва выбрали путь капитуляции, а Финляндия не последовала их примеру? Автор подробно анализирует внутриполитическую ситуацию в трех балтийских государствах и показывает, что в условиях авторитарного государства принятие внешнеполитических решений стало уделом узкого круга политиков, что не могло не сказаться и на внешней политике.
|
| 606 |
1 |
|
|a Европа
|x История
|z 1918-
|2 stltpush
|3 (RuTPU)RU\TPU\subj\67605
|9 83329
|
| 610 |
1 |
|
|a 20 век
|
| 610 |
1 |
|
|a Эстония
|
| 610 |
1 |
|
|a Латвия
|
| 610 |
1 |
|
|a Литва
|
| 610 |
1 |
|
|a Балтийские страны
|
| 610 |
1 |
|
|a внешняя политика
|
| 610 |
1 |
|
|a СССР
|
| 610 |
1 |
|
|a Германия
|
| 610 |
1 |
|
|a Балтийская Антанта
|
| 610 |
1 |
|
|a Восточный пакт
|
| 610 |
1 |
|
|a оборонная политика
|
| 610 |
1 |
|
|a пакт Молотова-Риббентропа
|
| 610 |
1 |
|
|a Зимняя война
|
| 686 |
|
|
|a Т3(4)6
|v LBC/SL-A
|2 rubbk
|
| 700 |
|
1 |
|a Ильмярв
|b М.
|g Магнус
|
| 712 |
0 |
1 |
|a Российская Федерация
|b Уполномоченный по правам человека
|2 stltpush
|3 (RuTPU)RU\TPU\col\1323
|9 23549
|
| 712 |
0 |
1 |
|a Российская Федерация
|b Государственный архив (ГАРФ)
|c (Москва)
|c (1992- )
|2 stltpush
|3 (RuTPU)RU\TPU\col\3476
|
| 712 |
0 |
2 |
|a Российский государственный архив социально-политической истории (РГАСПИ)
|2 stltpush
|3 (RuTPU)RU\TPU\col\14743
|
| 712 |
0 |
2 |
|a Президентский центр Б. Н. Ельцина
|c (Москва)
|2 stltpush
|3 (RuTPU)RU\TPU\col\17478
|9 26646
|
| 712 |
0 |
2 |
|a Российская политическая энциклопедия (Росспэн)
|c Издательство
|c (Москва)
|2 stltpush
|3 (RuTPU)RU\TPU\col\14711
|
| 712 |
0 |
2 |
|a Российская академия наук (РАН)
|b Институт научной информации по общественным наукам (ИНИОН)
|c (Москва)
|2 stltpush
|3 (RuTPU)RU\TPU\col\177
|
| 801 |
|
1 |
|a RU
|b 63413507
|c 20120704
|
| 801 |
|
2 |
|a RU
|b 63413507
|c 20120829
|g RCR
|
| 942 |
|
|
|c BK
|